Statistics for Biggest Cities in Europe with Exceptions

Click here to take the quiz!

General Stats

  • This quiz has been taken 434 times
  • The average score is 18 of 20

Answer Stats

PopulationCity% Correct
16.90 milMoscow
99%
11.20 milParis
98%
6.25 milMadrid
98%
3.60 milRome
97%
4.65 milBarcelona
96%
5.15 milMilan
93%
5.45 milSaint Petersburg
92%
2.28 milWarsaw
91%
3.45 milAthens
91%
14.30 milIstanbul
91%
2.38 milAmsterdam
90%
3.38 milKiev
90%
2.58 milBudapest
89%
2.20 milBucharest
87%
2.15 milVienna
87%
2.08 milStockholm
86%
2.60 milLisbon
85%
4.25 milNaples
85%
2.03 milBrussels
84%
3.10 milRotterdam
65%

Score Distribution

Percentile by Number Answered

Percent of People with Each Score

Your Score History

You have not taken this quiz